000 00484nam a2200193Ia 4500
003 GCL
008 140319s9999 xx 000 0 aRus d
040 _aGCL /
_cGCL
082 0 4 _a862
_bS M
100 1 _aSARTRE, JEAN PAUL
245 1 0 _aMUERTOS SIN SEPULTRA /
_cSARTRE, JEAN PAUL
260 _a[S.N] :
_bALIANZA EDITORIAL ،
_c1983
300 _a123P
650 0 4 _aLITERATURE
650 0 4 _aDRAMA
650 0 4 _aSPANISH LITERATURE
650 0 4 _aSPANISH DRAMA
942 _2ddc
_cBK
999 _c11158
_d11158